000
00274nam a2200121Ia 4500
005
20251222155135.0
008
251222s9999||||xx |||||||||||||| ||spa||
082
_a
ETI.150
245
0
_a
Los valores y principios
250
_a
PerĂº. ed.
264
_b
No tiene
942
_c
LIB
999
_c
38951
_d
38951